Repeat-buying : facts, theory, and applications /

Bibliographic Details
Main Author: Ehrenberg, A. S. C.
Format: Book
Language:English
Published: London : New York : Griffin ; Oxford University Press, 1988.
London : New York : 1988.
Edition:New ed.
Subjects:

MARC

Tag First Indicator Second Indicator Subfields
LEADER 00000cam a2200000 a 4500
001 in00000031152
005 20151007060315.0
008 880831s1988 enk b 001 0 eng
010 |a  88180041  
015 |a GB8754079  |2 bnb 
019 |a 17261624  |a 22413865 
020 |a 0852642873 
029 1 |a AU@  |b 000005658165 
035 |a (OCoLC)22542127 
040 |a DLC  |b eng  |c DLC  |d UKM  |d BAKER  |d NLGGC  |d BTCTA  |d YDXCP  |d ZWZ  |d HEBIS  |d GBVCP  |d OCLCO  |d OCLCF  |d OCLCQ  |d DEBBG  |d OCLCQ  |d OCLCO  |d OCLCA  |d QE2  |d EQK  |d OCLCQ  |d IL4J6  |d OCLCO  |d OKS  |d OCLCO 
049 |a JLFA 
050 1 0 |a HF5415.3 
050 4 |a HF5415.3  |b .E37 1988 
050 0 0 |a HF5415.3  |b .E52 1988 
082 0 |a 658.8/34  |2 18 
082 0 0 |a 658.8/343  |2 20 
084 |a 85.35  |2 bcl 
100 1 |a Ehrenberg, A. S. C. 
245 1 0 |a Repeat-buying :  |b facts, theory, and applications /  |c A.S.C. Ehrenberg. 
250 |a New ed. 
260 |a London :  |b Griffin ;  |a New York :  |b Oxford University Press,  |c 1988. 
264 1 |a London :  |b Griffin ;  |a New York :  |b Oxford University Press,  |c 1988. 
300 |a xx, 378 pages ;  |c 24 cm 
336 |a text  |b txt  |2 rdacontent 
337 |a unmediated  |b n  |2 rdamedia 
338 |a volume  |b nc  |2 rdacarrier 
500 |a Includes index. 
504 |a Includes bibliographical references (pages 365-372). 
650 0 |a Brand choice. 
651 7 |a Consumer behaviour Brand choice.  |2 blmlsh 
653 |a Consumer behaviour  |a Brand choice 
776 0 8 |i Online version:  |a Ehrenberg, A.S.C.  |t Repeat-buying.  |b New ed.  |d London : Griffin ; New York : Oxford University Press, 1988  |w (OCoLC)749160207 
938 |a Baker & Taylor  |b BKTY  |c 65.00  |d 65.00  |i 0195206347  |n 0001397022  |s active 
999 |a MARS 
999 f f |s aa81029b-71fa-3099-a593-ed710ab2a954  |i 0430e581-783b-3812-bb4e-ffd0dd6bdaeb  |t 0 
952 f f |p ric  |a Texas A&M University  |b Rellis Campus  |c Joint Library Facility  |s JLF  |d Remote Storage  |t 0  |e HF5415.3 .E37 1988  |h Library of Congress classification  |i unmediated -- volume  |m A14811497908